Evaluation of pterygoid orbital plane as a horizontal reference in natural head lateral cephalograms / (رقم التسجيلة. 3072)

تفاصيل مارك
000 -LEADER
fixed length control field 015700000a22003370004500
003 - CONTROL NUMBER IDENTIFIER
control field EG-GICUC
005 - DATE AND TIME OF LATEST TRANSACTION
control field 20250223024958.0
008 - FIXED-LENGTH DATA ELEMENTS--GENERAL INFORMATION
fixed length control field 070728s2007 ua a f m 000 0 eng d
040 ## - CATALOGING SOURCE
Original cataloging agency EG-GICUC
Language of cataloging eng
Transcribing agency EG-GICUC
041 0# - LANGUAGE CODE
Language code of text/sound track or separate title Eng
049 ## - LOCAL HOLDINGS (OCLC)
Holding library Deposite
097 ## - Thesis Degree
Thesis Level M.Sc
099 ## - LOCAL FREE-TEXT CALL NUMBER (OCLC)
Classification number Cai01.09.06.M.Sc.2007.Kh.E
100 0# - MAIN ENTRY--PERSONAL NAME
Personal name Khalid Mabrook Gaber
245 10 - TITLE STATEMENT
Title Evaluation of pterygoid orbital plane as a horizontal reference in natural head lateral cephalograms /
Statement of responsibility, etc. Khalid Mabrook Gaber ; Supervised Sanaa Abouzeid Soliman ; Dalia Nabil Elbokle
246 15 - VARYING FORM OF TITLE
Title proper/short title تقيييم المستوى الجناحى - الحجاجى كمرجع افقى للصور الشعاعية الجانبية لقياس الراس فى الوضع الطبيعى
260 ## - PUBLICATION, DISTRIBUTION, ETC.
Place of publication, distribution, etc. Cairo :
Name of publisher, distributor, etc. Khalid Mabrook Gaber ,
Date of publication, distribution, etc. 2007
300 ## - PHYSICAL DESCRIPTION
Extent 113Leaves :
Other physical details ill ;
Dimensions 30cm
502 ## - DISSERTATION NOTE
Dissertation note Thesis (M.Sc.) - Cairo University - Faculty Of Oral and Dental Medicine - Department Of Orthodontics
520 ## - SUMMARY, ETC.
Summary, etc. This study was carried out to evaluate pterygoid - orbital plane relative to true vertical in a sample of 69 Egyptian adults.27 males and 32 females with age ranged from 18 - 25 years , they had accepted occlusion and facial profile
530 ## - ADDITIONAL PHYSICAL FORM AVAILABLE NOTE
Additional physical form available note Issued Also as CD
653 #4 - INDEX TERM--UNCONTROLLED
Uncontrolled term Cephalograms
653 #4 - INDEX TERM--UNCONTROLLED
Uncontrolled term Horizontal Reference
653 #4 - INDEX TERM--UNCONTROLLED
Uncontrolled term OrbitalPlane
700 0# - ADDED ENTRY--PERSONAL NAME
Personal name Dalia Nabil Elbokle ,
Relator term
700 0# - ADDED ENTRY--PERSONAL NAME
Personal name Sanaa Abouzeid Soliman ,
Relator term
856 ## - ELECTRONIC LOCATION AND ACCESS
Uniform Resource Identifier <a href="http://172.23.153.220/th.pdf">http://172.23.153.220/th.pdf</a>
905 ## - LOCAL DATA ELEMENT E, LDE (RLIN)
Cataloger Mustafa
Reviser Revisor
905 ## - LOCAL DATA ELEMENT E, LDE (RLIN)
Cataloger Nazla
Reviser Cataloger
942 ## - ADDED ENTRY ELEMENTS (KOHA)
Source of classification or shelving scheme Dewey Decimal Classification
Koha item type Thesis
المقتنيات
Source of classification or shelving scheme Not for loan Home library Current library Date acquired Full call number Barcode Date last seen Koha item type Copy number
Dewey Decimal Classification   المكتبة المركزبة الجديدة - جامعة القاهرة قاعة الرسائل الجامعية - الدور الاول 11.02.2024 Cai01.09.06.M.Sc.2007.Kh.E 01010110047420000 22.09.2023 Thesis  
Dewey Decimal Classification   المكتبة المركزبة الجديدة - جامعة القاهرة مخـــزن الرســائل الجـــامعية - البدروم 11.02.2024 Cai01.09.06.M.Sc.2007.Kh.E 01020110047420000 22.09.2023 CD - Rom 47420.CD
Cairo University Libraries Portal Implemented & Customized by: Eng. M. Mohamady Contacts: new-lib@cl.cu.edu.eg | cnul@cl.cu.edu.eg
CUCL logo CNUL logo
© All rights reserved — Cairo University Libraries
CUCL logo
Implemented & Customized by: Eng. M. Mohamady Contact: new-lib@cl.cu.edu.eg © All rights reserved — New Central Library
CNUL logo
Implemented & Customized by: Eng. M. Mohamady Contact: cnul@cl.cu.edu.eg © All rights reserved — Cairo National University Library